| 000 | 01469nam a2200265Ia 4500 | ||
|---|---|---|---|
| 008 | 220216s9999 xx 000 0 und d | ||
| 100 | _aMaya K S | ||
| 245 | 0 | _aEpoxidised natural rubber as a coupling agent in in situ precipitated silica-natural rubber composites | |
| 260 |
_bJournal of Rubber Research _c2006 |
||
| 300 | _a204-216 | ||
| 520 | _aNatural rubber (NR) compounds were prepared with in situ precipitated silica in the presence of epoxidised natural rubber (ENR) as a coupling agent. In situ silica masterbatches were prepared from NR latex along with ENR. For this, NR latex was mixed with a suitable amount of ENR latex and precipitation of silica was carried out using sodium silicate and ammonium chloride. Compounds were prepared with these masterbatches. The mechanical properties of the vulcanisates were compared with two reference compounds prepared from NR and commercially available silica with and without a silane-coupling agent Si-69@. The NR-silica composites prepared with ENR as the coupling agent showed better mechanical properties and improved rubber-filler interaction. | ||
| 650 | _aAmmonium chloride | ||
| 650 | _aComposites | ||
| 650 | _aEpoxidised NR | ||
| 650 | _aMechanical properties | ||
| 650 | _aNR latex | ||
| 650 | _aRubber-filler interaction | ||
| 650 | _aSi-69 | ||
| 650 | _aSilica | ||
| 650 | _aSodium silicate | ||
| 700 | _aGeorge B | ||
| 700 | _aRani Joseph | ||
| 700 | _aVarkey J K | ||
| 942 | _cJS | ||
| 999 |
_c58733 _d58733 |
||